Industrial/organizational psychology : (Record no. 5452)

MARC details
000 -LEADER
fixed length control field 02567nam a22003137a 4500
003 - CONTROL NUMBER IDENTIFIER
control field OSt
005 - DATE AND TIME OF LATEST TRANSACTION
control field 20260122111501.0
007 - PHYSICAL DESCRIPTION FIXED FIELD--GENERAL INFORMATION
fixed length control field a
008 - FIXED-LENGTH DATA ELEMENTS--GENERAL INFORMATION
fixed length control field 260122b |||||||| |||| 00| 0 eng d
020 ## - INTERNATIONAL STANDARD BOOK NUMBER
International Standard Book Number 9780357658345
040 ## - CATALOGING SOURCE
Original cataloging agency Foundation University
Language of cataloging eng
Transcribing agency Foundation University
Modifying agency FULib
Description conventions rda
050 ## - LIBRARY OF CONGRESS CALL NUMBER
Classification number HF 5548.8
Item number .2023 A26
100 ## - MAIN ENTRY--PERSONAL NAME
Personal name Aamodt, Michael G.,
Relator term author
9 (RLIN) 14261
245 00 - TITLE STATEMENT
Title Industrial/organizational psychology :
Remainder of title an applied approach /
Statement of responsibility, etc. Michael G. Aamodt
250 ## - EDITION STATEMENT
Edition statement 9th edition.
260 ## - PUBLICATION, DISTRIBUTION, ETC.
Place of publication, distribution, etc. Boston, USA :
Name of publisher, distributor, etc. Cengage,
Date of publication, distribution, etc. 2023.
264 ## - PRODUCTION, PUBLICATION, DISTRIBUTION, MANUFACTURE, AND COPYRIGHT NOTICE
Copyright Date 2023.
300 ## - PHYSICAL DESCRIPTION
Materials specified resource
Extent xviii, 669 pages :
Other physical details illustrations ;
Dimensions 25 cm.
Type of unit volume
336 ## - CONTENT TYPE
Source rdacontent
Content type term text
Content type code txt
337 ## - MEDIA TYPE
Source rdamedia
Media type term unmediated
Media type code n
338 ## - CARRIER TYPE
Source rdacarrier
Materials specified resource
Carrier type term volume
Carrier type code nc
504 ## - BIBLIOGRAPHY, ETC. NOTE
Bibliography, etc. note Includes bibliographical references and index.
520 ## - ABSTRACT, SUMMARY, ETC.
Abstract, Summary, etc. I can't imagine a career better than industrial/organizational (I/O) psychology; it has something for everyone. You can be a scientist, a detective, a lawyer, an adviser, a statistician, an inventor, a writer, a teacher, a mentor, a trainer, a high-stakes gambler, a motivator, a humanitarian, or an engineer-or all at the same time. In no other field can you experience such challenging opportunities, earn an excellent salary, and derive the satisfaction of bettering the lives of others.<br/>I wrote this book because there was a strong need for a text that would appeal directly to undergraduates without sacrificing scholarship. Our field is so exciting, yet the existing texts do not reflect that excitement. This book contains many real-world examples that illustrate important points; humor to make your reading more enjoyable; and charts and tables that integrate and simplify such complicated issues as employment law, job satisfaction, work motivation, and leadership.<br/>In writing this book, I tried to strike a balance between research, theory, and application. In addition to the fundamental theories and research in I/O psychology, you will find such practical applications as how to write a résumé, survive an employment interview, write a job description, create a performance appraisal instrument, and motivate employees. -- Preface
650 ## - SUBJECT ADDED ENTRY--TOPICAL TERM
Source of heading or term LC
Topical term or geographic name entry element Psychology, Industrial
9 (RLIN) 7048
650 ## - SUBJECT ADDED ENTRY--TOPICAL TERM
Source of heading or term LC
Topical term or geographic name entry element Psychology.
9 (RLIN) 3874
658 ## - INDEX TERM--CURRICULUM OBJECTIVE
Main curriculum objective Psychology, Bachelor of Science in.
856 ## - ELECTRONIC LOCATION AND ACCESS
Uniform Resource Identifier <a href="https://drive.google.com/file/d/1nopK_VG9VOt3GRdgCYQTpA1ZqViyDW36/view?usp=sharing">https://drive.google.com/file/d/1nopK_VG9VOt3GRdgCYQTpA1ZqViyDW36/view?usp=sharing</a>
Link text Click here to view the table of content
942 ## - ADDED ENTRY ELEMENTS (KOHA)
Source of classification or shelving scheme Library of Congress Classification
Koha item type Books
Edition 9th edition.
Classification part HF 5548.8
Item part .2023 A26
Call number prefix (CAS-Psy.)
Suppress in OPAC No
Holdings
Uniform Resource Identifier Withdrawn status Lost status Source of classification or shelving scheme Damaged status Not for loan Collection code Home library Current library Shelving location Date acquired Source of acquisition Total Checkouts Full call number Barcode Date last seen Price effective from Koha item type Accession Number
https://drive.google.com/file/d/1nopK_VG9VOt3GRdgCYQTpA1ZqViyDW36/view?usp=sharing     Library of Congress Classification     Non-fiction Foundation University Library Foundation University Library CoArts & Sciences 01/22/2026 QT   (CAS-Psy.) HF 5548.8 .2023 A26 0072026017008 01/22/2026 01/22/2026 Books CAS-Psy.-2026008